Statistics for Regular Show-Character Episodes

Click here to take the quiz!

General Stats

  • This quiz has been taken 42 times
  • The average score is 10 of 29

Answer Stats

EpisodesCharacter% Correct
5Benson
100%
4Mordecai
100%
7Rigby
100%
1Muscleman
97%
6Skips
97%
1Pops
88%
1Margaret
76%
2Eileen
74%
2Thomas
65%
1Don
35%
1Mr Maellard
35%
1Gary
26%
1Quips
24%
1Baby Ducks
21%
2Party Pete
15%
1Pam
9%
2Party Horse
9%
1Briggs
6%
1Carter
6%
1Night Owl
6%
1Unicorns
6%
1Geese
3%
1Peeps
3%
1Ace Balthazar
0%
1Death Bear
0%
1Happy Birthday
0%
1Silver Dude
0%
1Spacey McSpaceTree
0%
1White Elephant
0%

Score Distribution

Percentile by Number Answered

Percent of People with Each Score

Your Score History

You have not taken this quiz